|
|
|
|
| LEADER |
00000nam a2200000 a 4500 |
| 001 |
UCH6842 |
| 003 |
CL-VaPUC |
| 008 |
091109e19700000SP |||||||||||||||||spa|d |
| 082 |
0 |
4 |
|a 823
|b DIC
|2 21
|
| 100 |
0 |
|
|a Dickens, Carlos
|e author
|9 543429
|
| 245 |
1 |
3 |
|a La pequeña Dorrit
|
| 300 |
|
|
|a 128 p
|
| 942 |
|
|
|c BK
|
| 945 |
|
|
|d 20091109 00:00:00
|a lazolas
|
| 260 |
|
|
|a Barcelona
|b Laida
|c 1970
|
| 650 |
|
0 |
|a Literatura
|9 259151
|
| 650 |
|
0 |
|a Literatura inglesa
|9 312907
|
| 650 |
|
0 |
|a Novelas inglesas
|9 265220
|
| 650 |
|
0 |
|a Escritores ingleses
|9 389424
|
| 650 |
|
0 |
|a Ficción
|9 376687
|
| 650 |
|
0 |
|a Lectura
|9 307634
|
| 583 |
|
|
|a last modification
|c 20091109 00:00:00
|k Rodrigo Vera
|
| 999 |
|
|
|c 337660
|d 337658
|